[Event "Online Olym Div Top-B"]
[Site "Chess.com INT"]
[Date "2020.08.21"]
[Round "2.1"]
[White "Radjabov, Teimour"]
[Black "Erdos, Viktor"]
[Result "1-0"]
[WhiteElo "2765"]
[BlackElo "2626"]
[PlyCount "79"]
[EventDate "2020.08.21"]
[EventType "team-tourn (rapid)"]
[EventRounds "9"]
[EventCountry "USA"]
[SourceTitle "CBM 197 Extra"]
[Source "ChessBase"]
[SourceDate "2020.09.30"]
[SourceVersion "1"]
[SourceVersionDate "2020.09.30"]
[SourceQuality "1"]
[WhiteTeam "Azerbaijan"]
[BlackTeam "Hungary"]
[WhiteTeamCountry "AZE"]
[BlackTeamCountry "HUN"]

1. d4 d5 2. c4 e6 3. Nf3 a6 4. cxd5 exd5 5. Nc3 Nf6 6. Bg5 Be6 7. e3 Nbd7 8.
Bd3 Bd6 9. Bh4 h6 10. Qc2 c6 11. a3 a5 12. O-O O-O 13. Rab1 Qb8 14. Bg3 Bxg3
15. hxg3 Rc8 16. Rfc1 Qd6 17. Na4 b6 18. b4 axb4 19. axb4 Bg4 20. Ne5 b5 21.
Nxg4 Rxa4 22. Nxf6+ Nxf6 23. Bxb5 Rxb4 24. Bd3 Rxb1 25. Qxb1 c5 26. Qb7 Rb8 27.
dxc5 Rxb7 28. cxd6 g6 29. Rc7 Rb3 30. Bf1 Kf8 31. f3 Rb8 32. e4 dxe4 33. Bc4
Ke8 34. Rxf7 Rb4 35. Be6 e3 36. Rxf6 Rb1+ 37. Kh2 e2 38. Rxg6 Rh1+ 39. Kxh1
e1=Q+ 40. Kh2 1-0

[Event "Online Olym Div Top-B"]
[Site "Chess.com INT"]
[Date "2020.08.22"]
[Round "4.2"]
[White "Korobov, Anton"]
[Black "Radjabov, Teimour"]
[Result "1/2-1/2"]
[WhiteElo "2688"]
[BlackElo "2765"]
[PlyCount "75"]
[EventDate "2020.08.21"]
[EventType "team-tourn (rapid)"]
[EventRounds "9"]
[EventCountry "USA"]
[SourceTitle "CBM 197 Extra"]
[Source "ChessBase"]
[SourceDate "2020.09.30"]
[SourceVersion "1"]
[SourceVersionDate "2020.09.30"]
[SourceQuality "1"]
[WhiteTeam "Ukraine"]
[BlackTeam "Azerbaijan"]
[WhiteTeamCountry "UKR"]
[BlackTeamCountry "AZE"]

1. d4 Nf6 2. c4 e6 3. Nf3 d5 4. Nc3 Bb4 5. Qa4+ Nc6 6. e3 O-O 7. Bd2 dxc4 8.
Bxc4 Bd6 9. Qc2 e5 10. dxe5 Nxe5 11. Nxe5 Bxe5 12. O-O-O Qe7 13. Kb1 Be6 14.
Bd3 Rfd8 15. f4 Bxc3 16. Bxc3 Nd5 17. Bd2 h6 18. e4 Nb4 19. Bxb4 Qxb4 20. f5
Bd7 21. e5 Ba4 22. b3 Bc6 23. Rhe1 a5 24. e6 a4 25. Qc4 Qxc4 26. Bxc4 Rxd1+ 27.
Rxd1 Kf8 28. exf7 axb3 29. Bxb3 Bxg2 30. Rd7 Be4+ 31. Kb2 Bxf5 32. Rxc7 b5 33.
Rb7 Bd3 34. Kc3 Bc4 35. Kb4 Rc8 36. Bxc4 bxc4 37. Kc3 Ra8 38. Rb2 1/2-1/2

[Event "Online Olym Div Top-B"]
[Site "Chess.com INT"]
[Date "2020.08.22"]
[Round "6.2"]
[White "Khusnutdinov, Rustam"]
[Black "Radjabov, Teimour"]
[Result "1/2-1/2"]
[WhiteElo "2491"]
[BlackElo "2765"]
[PlyCount "38"]
[EventDate "2020.08.21"]
[EventType "team-tourn (rapid)"]
[EventRounds "9"]
[EventCountry "USA"]
[SourceTitle "CBM 197 Extra"]
[Source "ChessBase"]
[SourceDate "2020.09.30"]
[SourceVersion "1"]
[SourceVersionDate "2020.09.30"]
[SourceQuality "1"]
[WhiteTeam "Kazakhstan"]
[BlackTeam "Azerbaijan"]
[WhiteTeamCountry "KAZ"]
[BlackTeamCountry "AZE"]

1. e4 e5 2. Nf3 Nc6 3. Nc3 Nf6 4. Bb5 Bb4 5. O-O O-O 6. Bxc6 dxc6 7. Nxe5 Re8
8. Nd3 Bxc3 9. dxc3 Nxe4 10. Qf3 Qf6 11. Bf4 Nd6 12. Rfe1 Be6 13. Qg3 Nf5 14.
Qg5 Qxg5 15. Bxg5 Nd6 16. Bf4 Bc4 17. b3 Bxd3 18. Bxd6 Bxc2 19. Bxc7 f6 1/2-1/2

[Event "Online Olym Div Top-B"]
[Site "Chess.com INT"]
[Date "2020.08.23"]
[Round "7.1"]
[White "Anton Guijarro, David"]
[Black "Radjabov, Teimour"]
[Result "0-1"]
[WhiteElo "2703"]
[BlackElo "2765"]
[PlyCount "90"]
[EventDate "2020.08.21"]
[EventType "team-tourn (rapid)"]
[EventRounds "9"]
[EventCountry "USA"]
[SourceTitle "CBM 197 Extra"]
[Source "ChessBase"]
[SourceDate "2020.09.30"]
[SourceVersion "1"]
[SourceVersionDate "2020.09.30"]
[SourceQuality "1"]
[WhiteTeam "Spain"]
[BlackTeam "Azerbaijan"]
[WhiteTeamCountry "ESP"]
[BlackTeamCountry "AZE"]

1. c4 Nf6 2. Nf3 e6 3. g3 d5 4. Bg2 Be7 5. O-O O-O 6. b3 b6 7. cxd5 Nxd5 8. Bb2
Bb7 9. d4 Nd7 10. Re1 N5f6 11. Nc3 c5 12. e4 cxd4 13. Nxd4 Bc5 14. Re2 Rb8 15.
h3 a6 16. Kh2 b5 17. f4 Qb6 18. Rd2 Bb4 19. Nde2 Rfd8 20. Rd4 Bc5 21. Rd3 Bf8
22. Qg1 Qxg1+ 23. Rxg1 b4 24. Na4 Bxe4 25. Bxe4 Nxe4 26. Bd4 Rbc8 27. Kg2 Rc2
28. Kf3 Ndf6 29. Rgd1 h6 30. Bxf6 Rxd3+ 31. Rxd3 Nxf6 32. Rd8 g5 33. fxg5 hxg5
34. Nd4 Rxa2 35. Nc5 Kg7 36. Ndxe6+ fxe6 37. Nxe6+ Kf7 38. Nxf8 Rb2 39. Ke3
Rxb3+ 40. Kd4 Rxg3 41. Ke5 Re3+ 42. Kf5 Re8 43. Rxe8 Kxe8 44. Ne6 b3 45. Nc7+
Kf7 0-1

[Event "Chess24 Banter Blitz Cup Final"]
[Site "chess24.com INT"]
[Date "2020.09.21"]
[Round "1.1"]
[White "Radjabov, Teimour"]
[Black "Le, Quang Liem"]
[Result "0-1"]
[WhiteElo "2765"]
[BlackElo "2709"]
[PlyCount "154"]
[EventDate "2020.09.21"]
[EventType "k.o. (blitz)"]
[EventRounds "4"]
[EventCountry "GER"]
[SourceTitle "EXT 2021"]
[Source "ChessBase"]
[SourceDate "2020.10.23"]
[SourceVersion "1"]
[SourceVersionDate "2020.10.23"]
[SourceQuality "1"]

1. d4 Nf6 2. c4 e6 3. Nf3 d5 4. Nc3 a6 5. cxd5 exd5 6. Bg5 Be6 7. e3 Nbd7 8.
Bd3 c6 9. Qc2 Bd6 10. Bh4 h6 11. a3 O-O 12. O-O Re8 13. Rfc1 Qb8 14. Bg3 Bxg3
15. hxg3 Nb6 16. Ne2 Nc8 17. Nf4 Nd6 18. Ne5 Qc8 19. Qc5 Qd8 20. b4 Bf5 21.
Bxf5 Nxf5 22. Qc2 Nd6 23. a4 Nd7 24. Ned3 g6 25. Rab1 Kg7 26. Nc5 Rb8 27. Nfd3
Nc4 28. Qc3 Nf6 29. Ne5 Nd6 30. Qd3 Nfe4 31. Rc2 Rc8 32. Rbc1 h5 33. Nxe4 Nxe4
34. Qe2 Qe7 35. Rb2 Nd6 36. Qf3 Qf6 37. Qxf6+ Kxf6 38. Rb3 Kg7 39. Rbc3 f6 40.
Nd3 Re7 41. Nc5 Ra8 42. Rb3 g5 43. Kf1 Kg6 44. Rc2 Rh8 45. Ke2 h4 46. gxh4 Rxh4
47. Rd3 Nf5 48. Rcd2 Rh2 49. Kf1 Rh1+ 50. Ke2 Rb1 51. Rb3 Rg1 52. g3 Rg2 53.
Kd1 Nd6 54. Re2 Rh7 55. Kc2 Rhh2 56. Nd3 Ne4 57. g4 Nxf2 58. Nxf2 Rxf2 59. Rxf2
Rxf2+ 60. Kd3 Ra2 61. b5 Rxa4 62. bxc6 bxc6 63. Rc3 Rc4 64. Ra3 c5 65. Rxa6
cxd4 66. exd4 Rc1 67. Rd6 Rg1 68. Rxd5 Rxg4 69. Rd8 Rg1 70. d5 Kf5 71. Kd4 Rd1+
72. Kc5 g4 73. Rg8 Ke5 74. Re8+ Kf4 75. d6 g3 76. Kc6 g2 77. Rg8 g1=Q 0-1

[Event "Chess24 Banter Blitz Cup Final"]
[Site "chess24.com INT"]
[Date "2020.09.21"]
[Round "1.2"]
[White "Le, Quang Liem"]
[Black "Radjabov, Teimour"]
[Result "0-1"]
[WhiteElo "2709"]
[BlackElo "2765"]
[PlyCount "260"]
[EventDate "2020.09.21"]
[EventType "k.o. (blitz)"]
[EventRounds "4"]
[EventCountry "GER"]
[SourceTitle "EXT 2021"]
[Source "ChessBase"]
[SourceDate "2020.10.23"]
[SourceVersion "1"]
[SourceVersionDate "2020.10.23"]
[SourceQuality "1"]

1. e4 c5 2. Nf3 Nc6 3. Bb5 g6 4. Bxc6 dxc6 5. d3 Bg7 6. h3 b6 7. O-O Nf6 8. Nc3
O-O 9. Bf4 Re8 10. Qd2 Nh5 11. Bh6 e5 12. Ne2 f6 13. Nh2 g5 14. Bxg7 Nxg7 15.
a3 Be6 16. b4 Qd6 17. Qc3 h5 18. bxc5 Qxc5 19. Qxc5 bxc5 20. Rfb1 Rab8 21. Nf1
Rb6 22. Nd2 Reb8 23. Nc3 Ne8 24. Na4 Rxb1+ 25. Rxb1 Rxb1+ 26. Nxb1 c4 27. Nc5
cxd3 28. cxd3 Kf7 29. f3 Bc8 30. Kf2 Nc7 31. Nd2 Ke7 32. Ke3 Kd6 33. Ncb3 Be6
34. a4 Na6 35. d4 Nb4 36. dxe5+ fxe5 37. Na5 Nc2+ 38. Ke2 Kc5 39. Nb7+ Kb4 40.
Nd8 Nd4+ 41. Kd3 Ba2 42. h4 c5 43. hxg5 c4+ 44. Nxc4 Bxc4+ 45. Ke3 Kc5 46. f4
exf4+ 47. Kxf4 Kd6 48. g6 Ke7 49. Nb7 Kf6 50. Nd6 Ne6+ 51. Ke3 Bb3 52. a5 Kxg6
53. a6 Kg5 54. Nb5 Bc4 55. Nxa7 Bxa6 56. Nc6 Kg4 57. Kf2 Bb7 58. Ne5+ Kf4 59.
Ng6+ Kg5 60. Ne5 Bxe4 61. Kg3 Nd4 62. Kh3 Ne2 63. g3 Bf5+ 64. Kh2 Bg4 65. Nf7+
Kf6 66. Nd6 Nc3 67. Kg2 Nd5 68. Kf2 Ke5 69. Nf7+ Ke6 70. Nd8+ Kf6 71. Nc6 Ne7
72. Nd4 Ke5 73. Nc2 Nf5 74. Ne1 Ke4 75. Ng2 Nd6 76. Nf4 Kd4 77. Ng6 Ne4+ 78.
Kg2 Ke3 79. Ne5 Ke2 80. Ng6 Bf3+ 81. Kh3 Kf2 82. Nf4 Bg4+ 83. Kh4 Nxg3 84. Nxh5
Bxh5 85. Kg5 Kf3 86. Kf6 Kf4 87. Ke6 Ne4 88. Kd5 Be2 89. Kd4 Bf1 90. Kd5 Ke3
91. Ke5 Bd3 92. Kd5 Nd2 93. Ke5 Be4 94. Kd6 Kd4 95. Ke6 Nc4 96. Kf6 Ne3 97. Ke6
Nd5 98. Kd6 Bf5 99. Kc6 Ke5 100. Kc5 Bd3 101. Kc6 Nf6 102. Kc5 Nd7+ 103. Kc6
Ke6 104. Kc7 Be4 105. Kd8 Kd6 106. Ke8 Ne5 107. Kf8 Ke6 108. Kg7 Nf7 109. Kg8
Kf6 110. Kf8 Bc6 111. Kg8 Ne5 112. Kh7 Be4+ 113. Kh6 Nf7+ 114. Kh5 Kf5 115. Kh4
Bf3 116. Kg3 Ke4 117. Kh4 Kf4 118. Kh3 Nd6 119. Kh4 Nf5+ 120. Kh3 Ne3 121. Kh4
Ng2+ 122. Kh3 Be4 123. Kh2 Kf3 124. Kh3 Bf5+ 125. Kh2 Kf2 126. Kh1 Kg3 127. Kg1
Bd3 128. Kh1 Nf4 129. Kg1 Nh3+ 130. Kh1 Be4# 0-1

[Event "Chess24 Banter Blitz Cup Final"]
[Site "chess24.com INT"]
[Date "2020.09.21"]
[Round "1.3"]
[White "Radjabov, Teimour"]
[Black "Le, Quang Liem"]
[Result "1/2-1/2"]
[WhiteElo "2765"]
[BlackElo "2709"]
[PlyCount "91"]
[EventDate "2020.09.21"]
[EventType "k.o. (blitz)"]
[EventRounds "4"]
[EventCountry "GER"]
[SourceTitle "EXT 2021"]
[Source "ChessBase"]
[SourceDate "2020.10.23"]
[SourceVersion "1"]
[SourceVersionDate "2020.10.23"]
[SourceQuality "1"]

1. Nf3 d5 2. d4 Nf6 3. c4 e6 4. Nc3 a6 5. cxd5 exd5 6. Bg5 Be6 7. Qc2 Nbd7 8.
e3 c6 9. Bd3 Bd6 10. Bh4 h6 11. O-O O-O 12. Rfc1 Qb8 13. Bg3 Bxg3 14. hxg3 Ne8
15. Rab1 Nd6 16. Na4 Re8 17. Nc5 Nxc5 18. dxc5 Ne4 19. b4 Bd7 20. a4 Qd8 21.
Qb2 Qf6 22. Qxf6 Nxf6 23. Nd4 g6 24. Kf1 Kf8 25. Ke2 h5 26. Ra1 Rec8 27. f3 Ne8
28. Rcb1 Ng7 29. Kd2 Ke7 30. Kc3 Ne6 31. Nxe6 Bxe6 32. Kd4 Ra7 33. Ra3 Rh8 34.
Rh1 Rb8 35. Rb3 Kf6 36. Rhb1 Bf5 37. Bxf5 Kxf5 38. Rh1 Re8 39. Rh4 Kg5 40. Rb1
Raa8 41. Rhh1 Re7 42. Rb3 Kf5 43. Rh4 Kg5 44. Rh1 Kf5 45. Rh4 Kg5 46. Rh1
1/2-1/2

[Event "Chess24 Banter Blitz Cup Final"]
[Site "chess24.com INT"]
[Date "2020.09.21"]
[Round "1.4"]
[White "Le, Quang Liem"]
[Black "Radjabov, Teimour"]
[Result "1/2-1/2"]
[WhiteElo "2709"]
[BlackElo "2765"]
[PlyCount "157"]
[EventDate "2020.09.21"]
[EventType "k.o. (blitz)"]
[EventRounds "4"]
[EventCountry "GER"]
[SourceTitle "EXT 2021"]
[Source "ChessBase"]
[SourceDate "2020.10.23"]
[SourceVersion "1"]
[SourceVersionDate "2020.10.23"]
[SourceQuality "1"]

1. e4 c5 2. Nf3 Nc6 3. Bb5 g6 4. O-O Bg7 5. c3 Nf6 6. Re1 Qb6 7. Bf1 d6 8. h3
Nd7 9. Na3 Nde5 10. Nxe5 dxe5 11. Nc4 Qc7 12. d3 O-O 13. Be3 b6 14. a4 Be6 15.
Qc2 Rac8 16. g3 Qd7 17. Kh2 Rfd8 18. Rad1 Qe8 19. Bg2 Qd7 20. f4 Qc7 21. Qf2
exf4 22. gxf4 Bd7 23. Kh1 Na5 24. Nxa5 bxa5 25. Ra1 Be8 26. d4 cxd4 27. cxd4
Qc2 28. Re2 Qb3 29. d5 Bxa4 30. Bd4 Bb5 31. Rd2 Bxd4 32. Qxd4 a4 33. Qxa7 Qb4
34. Qe3 Rc4 35. Kh2 Rdc8 36. Rad1 Rc2 37. e5 Qb3 38. Qxb3 axb3 39. d6 exd6 40.
exd6 Be2 41. Rxc2 bxc2 42. Rc1 Bd3 43. d7 Rd8 44. Bc6 Bf5 45. Ba4 Bxd7 46. Bxd7
Rxd7 47. Rxc2 Rd4 48. Kg3 Rd3+ 49. Kg2 Rb3 50. f5 Kg7 51. fxg6 hxg6 52. Rd2 f5
53. h4 Kh6 54. Kh2 Kh5 55. Rg2 Rb4 56. Rg5+ Kh6 57. Kh3 Rb3+ 58. Rg3 Rxb2 59.
Rg5 Rb3+ 60. Kh2 Rb4 61. Kh3 Ra4 62. Kg3 Ra1 63. Kg2 Ra8 64. Kg3 Ra6 65. Kf2
Re6 66. Kg3 Re4 67. Kh3 Rd4 68. Kg3 Rd1 69. Kg2 Rc1 70. Kh2 Rc3 71. Kg2 f4 72.
Rg4 Rc4 73. Kf3 Kh5 74. Rg5+ Kxh4 75. Rxg6 Kh5 76. Rg8 Kh6 77. Rg4 Kh5 78. Rxf4
Rxf4+ 79. Kxf4 1/2-1/2

[Event "Chess24 Banter Blitz Cup Final"]
[Site "chess24.com INT"]
[Date "2020.09.21"]
[Round "1.5"]
[White "Radjabov, Teimour"]
[Black "Le, Quang Liem"]
[Result "0-1"]
[WhiteElo "2765"]
[BlackElo "2709"]
[PlyCount "88"]
[EventDate "2020.09.21"]
[EventType "k.o. (blitz)"]
[EventRounds "4"]
[EventCountry "GER"]
[SourceTitle "EXT 2021"]
[Source "ChessBase"]
[SourceDate "2020.10.23"]
[SourceVersion "1"]
[SourceVersionDate "2020.10.23"]
[SourceQuality "1"]

1. e4 c6 2. Nf3 d5 3. Nc3 Nf6 4. e5 Ne4 5. d4 Nxc3 6. bxc3 c5 7. Rb1 e6 8. Bb5+
Bd7 9. Bd3 c4 10. Be2 b6 11. Bg5 Be7 12. Qd2 Ba4 13. h4 Nc6 14. Bxe7 Qxe7 15.
O-O O-O-O 16. g3 f5 17. Kg2 Rdg8 18. Rbc1 g6 19. Qg5 Qf8 20. Rh1 h6 21. Qd2 Rh7
22. Rcg1 Rf7 23. Qc1 Kb7 24. Rh2 Nd8 25. Kh1 Be8 26. Qd2 Rh8 27. Ne1 Qa3 28.
Ng2 Qxa2 29. Qc1 Rfh7 30. Nf4 g5 31. Nh5 Bxh5 32. Bxh5 g4 33. f3 gxf3 34. Bxf3
Rg7 35. Rhg2 h5 36. Kh2 Nf7 37. Qd1 Qa3 38. Qd2 Nh6 39. Bxh5 Ng4+ 40. Bxg4 Rxg4
41. Rf2 Qe7 42. Kh1 Qg7 43. Qe3 Rhxh4+ 44. Kg2 f4 0-1

[Event "Chess24 Banter Blitz Cup Final"]
[Site "chess24.com INT"]
[Date "2020.09.21"]
[Round "1.6"]
[White "Le, Quang Liem"]
[Black "Radjabov, Teimour"]
[Result "0-1"]
[WhiteElo "2709"]
[BlackElo "2765"]
[PlyCount "94"]
[EventDate "2020.09.21"]
[EventType "k.o. (blitz)"]
[EventRounds "4"]
[EventCountry "GER"]
[SourceTitle "EXT 2021"]
[Source "ChessBase"]
[SourceDate "2020.10.23"]
[SourceVersion "1"]
[SourceVersionDate "2020.10.23"]
[SourceQuality "1"]

1. e4 c5 2. Nf3 Nc6 3. Bb5 g6 4. O-O Bg7 5. c3 Nf6 6. Re1 Qb6 7. Bf1 d6 8. h3
Nd7 9. Na3 Nde5 10. Nxe5 dxe5 11. Qb3 Qxb3 12. axb3 O-O 13. Nc4 Rb8 14. d3 b6
15. Be3 Be6 16. g3 Rfd8 17. f4 Rd7 18. Kh2 Rbd8 19. Be2 Bf6 20. Kg2 Bg7 21. Rf1
exf4 22. gxf4 f5 23. e5 Bh6 24. Kf2 Bd5 25. h4 Kf7 26. Rg1 Rg8 27. Rg3 Nd8 28.
Rh3 Ne6 29. Kg3 Bc6 30. Nd2 Rgd8 31. Nf3 Rxd3 32. Bxd3 Rxd3 33. Kf2 a5 34. Ng5+
Bxg5 35. hxg5 Nxf4 36. Rxh7+ Ke6 37. Bxf4 Rf3+ 38. Ke2 Rxf4 39. Rg7 Kxe5 40.
Rxe7+ Kd6 41. Rg7 Be4 42. Rd1+ Ke6 43. Rxg6+ Ke5 44. Rdd6 Rg4 45. Rxb6 Kf4 46.
Rg8 Rg2+ 47. Kd1 Ke3 0-1

[Event "Chess24 Banter Blitz Cup Final"]
[Site "chess24.com INT"]
[Date "2020.09.21"]
[Round "1.7"]
[White "Radjabov, Teimour"]
[Black "Le, Quang Liem"]
[Result "1-0"]
[WhiteElo "2765"]
[BlackElo "2709"]
[PlyCount "189"]
[EventDate "2020.09.21"]
[EventType "k.o. (blitz)"]
[EventRounds "4"]
[EventCountry "GER"]
[SourceTitle "EXT 2021"]
[Source "ChessBase"]
[SourceDate "2020.10.23"]
[SourceVersion "1"]
[SourceVersionDate "2020.10.23"]
[SourceQuality "1"]

1. e4 e5 2. Nf3 Nc6 3. Bc4 Bc5 4. d3 Nf6 5. Nbd2 d6 6. c3 O-O 7. O-O Bb6 8. Bb3
Ne7 9. h3 Ng6 10. Re1 c6 11. Nf1 d5 12. Ng3 h6 13. Bd2 Be6 14. Qc1 dxe4 15.
dxe4 Bxb3 16. axb3 Kh7 17. Nf5 Ng8 18. Rd1 Qf6 19. Bg5 Qe6 20. Rd6 Qxb3 21. Ra3
Qc4 22. b3 Qxe4 23. Ng3 Nf4 24. Nxe4 Ne2+ 25. Kf1 Nxc1 26. Bxc1 Rad8 27. Rxd8
Rxd8 28. Be3 f5 29. Bxb6 axb6 30. Ng3 f4 31. Ne4 Kg6 32. Nxe5+ Kf5 33. Nf7 Rd1+
34. Ke2 Rg1 35. Nfd6+ Ke5 36. Ra8 Nf6 37. Nxf6 gxf6 38. Nc4+ Kf5 39. Rg8 b5 40.
Nd2 Rc1 41. c4 bxc4 42. bxc4 h5 43. g4+ fxg3 44. Rxg3 b5 45. cxb5 cxb5 46. Rb3
Rc5 47. Rb4 Kg6 48. h4 Rd5 49. Nf3 Rc5 50. Ke3 Kf5 51. Rf4+ Ke6 52. Rb4 Kd5 53.
Kd3 Kc6 54. Rf4 Rd5+ 55. Ke3 Kc5 56. Rxf6 b4 57. Rf8 Kc4 58. Rc8+ Kb3 59. Nd4+
Kb2 60. Ke4 Rd7 61. f4 Re7+ 62. Kd5 b3 63. Rb8 Rd7+ 64. Ke4 Kc3 65. Rxb3+ Kc4
66. Ne6 Rd6 67. Rg3 Rxe6+ 68. Kf5 Re8 69. Rg5 Rf8+ 70. Ke4 Re8+ 71. Re5 Rd8 72.
Kf5 Kd4 73. Kg5 Rf8 74. Re7 Kd5 75. Re5+ Kd6 76. Re4 Rg8+ 77. Kxh5 Rh8+ 78. Kg5
Rg8+ 79. Kf6 Rf8+ 80. Kg6 Rg8+ 81. Kf7 Rh8 82. f5 Kd5 83. Re1 Rxh4 84. f6 Rh2
85. Kg7 Rg2+ 86. Kf8 Kd6 87. f7 Kd7 88. Rd1+ Kc6 89. Rd4 Kc5 90. Rh4 Kd6 91.
Rh7 Ke6 92. Rg7 Rf2 93. Kg8 Rf1 94. f8=Q Rxf8+ 95. Kxf8 1-0

[Event "Chess24 Banter Blitz Cup Final"]
[Site "chess24.com INT"]
[Date "2020.09.21"]
[Round "1.8"]
[White "Le, Quang Liem"]
[Black "Radjabov, Teimour"]
[Result "1-0"]
[WhiteElo "2709"]
[BlackElo "2765"]
[PlyCount "81"]
[EventDate "2020.09.21"]
[EventType "k.o. (blitz)"]
[EventRounds "4"]
[EventCountry "GER"]
[SourceTitle "EXT 2021"]
[Source "ChessBase"]
[SourceDate "2020.10.23"]
[SourceVersion "1"]
[SourceVersionDate "2020.10.23"]
[SourceQuality "1"]

1. e4 c5 2. Nf3 Nc6 3. Bb5 g6 4. Bxc6 dxc6 5. d3 Bg7 6. h3 b6 7. Nc3 Nf6 8. O-O
O-O 9. Be3 Re8 10. Qd2 e5 11. Nh2 Be6 12. b3 Qd7 13. Ne2 Rad8 14. Rad1 Nh5 15.
f4 exf4 16. Nxf4 Nxf4 17. Bxf4 Qd4+ 18. Kh1 Qb2 19. Nf3 Qxa2 20. Be5 Bxe5 21.
Nxe5 Qb2 22. Nxc6 Rd7 23. Rb1 Qg7 24. Qf4 a5 25. Ne5 Rde7 26. Nc4 Bxc4 27. bxc4
Qc3 28. Rxb6 Qxc2 29. Rb8 Qa4 30. Qd6 Rxb8 31. Qxe7 Qe8 32. Qxc5 a4 33. Ra1 Rb3
34. Qd5 Qb8 35. c5 a3 36. c6 Rc3 37. Qd7 Qb2 38. Rf1 Qb3 39. c7 Qe6 40. Qd8+
Kg7 41. Qd4+ 1-0

[Event "Chess24 Banter Blitz Cup Final"]
[Site "chess24.com INT"]
[Date "2020.09.21"]
[Round "1.9"]
[White "Radjabov, Teimour"]
[Black "Le, Quang Liem"]
[Result "0-1"]
[WhiteElo "2765"]
[BlackElo "2709"]
[PlyCount "78"]
[EventDate "2020.09.21"]
[EventType "k.o. (blitz)"]
[EventRounds "4"]
[EventCountry "GER"]
[SourceTitle "EXT 2021"]
[Source "ChessBase"]
[SourceDate "2020.10.23"]
[SourceVersion "1"]
[SourceVersionDate "2020.10.23"]
[SourceQuality "1"]

1. e4 e5 2. Nf3 Nc6 3. Bc4 Bc5 4. d3 Nf6 5. Nbd2 d6 6. c3 O-O 7. O-O a6 8. Bb3
h6 9. Re1 Be6 10. Bxe6 fxe6 11. b4 Ba7 12. Nf1 Qe8 13. a4 Ne7 14. Ra2 Nh5 15.
Be3 Bxe3 16. Rxe3 Qg6 17. Ng3 Nf4 18. d4 Nc6 19. Rb2 exd4 20. cxd4 a5 21. bxa5
Nxa5 22. Rc3 Rf7 23. Qc2 c6 24. Qc1 Rff8 25. h3 Qf6 26. Kh2 Ng6 27. Nh5 Qe7 28.
Kg1 e5 29. Ng3 exd4 30. Nxd4 Qe5 31. Ndf5 d5 32. Rc5 Nf4 33. Rb4 Nd3 34. Qd2
Nxc5 35. exd5 Rxf5 36. Nxf5 Qxf5 37. d6 Nd7 38. Rg4 Qd5 39. Qxh6 Qd1+ 0-1

[Event "Chess24 Banter Blitz Cup Final"]
[Site "chess24.com INT"]
[Date "2020.09.21"]
[Round "1.10"]
[White "Le, Quang Liem"]
[Black "Radjabov, Teimour"]
[Result "1-0"]
[WhiteElo "2709"]
[BlackElo "2765"]
[PlyCount "91"]
[EventDate "2020.09.21"]
[EventType "k.o. (blitz)"]
[EventRounds "4"]
[EventCountry "GER"]
[SourceTitle "EXT 2021"]
[Source "ChessBase"]
[SourceDate "2020.10.23"]
[SourceVersion "1"]
[SourceVersionDate "2020.10.23"]
[SourceQuality "1"]

1. e4 c5 2. Nf3 Nc6 3. Bb5 g6 4. O-O Bg7 5. c3 Nf6 6. Re1 Qb6 7. Bf1 d6 8. Na3
Bg4 9. h3 Bxf3 10. Qxf3 O-O 11. d3 Nd7 12. Qd1 Rab8 13. Nc4 Qc7 14. a4 Rfd8 15.
Be3 Nf6 16. Nd2 a6 17. d4 b5 18. axb5 axb5 19. d5 Ne5 20. Qc2 c4 21. Ra7 Rb7
22. Rea1 Ned7 23. b3 cxb3 24. Qxb3 Rdb8 25. Rxb7 Qxb7 26. Ra5 Qc7 27. Rxb5 Rc8
28. c4 Qd8 29. Qb4 Ne8 30. Nb3 Ra8 31. c5 Nxc5 32. Nxc5 dxc5 33. Rxc5 Nd6 34.
g3 Ra1 35. Kg2 Qa8 36. Bd3 Ra4 37. Qb3 Ra3 38. Qd1 Bf6 39. Rc6 Kg7 40. Bf4 Bd4
41. e5 Ne8 42. Bxg6 Qa7 43. Bxf7 Kxf7 44. Qh5+ Kf8 45. Rc8 Qd7 46. Bh6+ 1-0